Zeitschrift für angewandte Mathematik und Mechanik

Saved in:
Bibliographic Details
Format Journal
LanguageEnglish
Published Berlin : John Wiley and sons, 1921-
Subjects
Online AccessFull text
ISSN1521-4001

Cover

LEADER 00000nas^a22000007a^4500
001 31285
003 CZ-ZlUTB
005 20251006165617.0
008 070328c1uuu9999xx mr p s|||||0|||b|eng|d
022 |a 1521-4001 
040 |a ZLD002  |b cze  |c ZLD002  |d ZLD002 
080 |a 51  |2 v 
245 0 0 |a Zeitschrift für angewandte Mathematik und Mechanik  |h [elektronický zdroj] 
260 |a Berlin :  |b John Wiley and sons,  |c 1921- 
310 |a 1x měsíčně 
538 |a Způsob přístupu: WWW 
655 7 |a elektronické časopisy  |7 fd186906  |2 czenas 
650 0 4 |a Matematika 
856 4 1 |u http://onlinelibrary.wiley.com/journal/10.1002/(ISSN)1521-4001 
910 |a ZLD002  |r 1998- 
992 |a ER 
999 |c 31285  |d 31285 
993 |x NEPOSILAT  |y EIZ